ՀՀ Գիտությունների ազգային ակադեմիայի հիմնարար գիտական գրադարան  =   Fundamental Scientific Library of NAS RA

Սարգիս Մուրադյան : (Record no. 243636)

MARC details
000 -LEADER
fixed length control field 00875nam a2200229 u 4500
001 - CONTROL NUMBER
control field 000595240
003 - CONTROL NUMBER IDENTIFIER
control field AM-YeHGA
005 - DATE AND TIME OF LATEST TRANSACTION
control field 20250618073525.0
008 - FIXED-LENGTH DATA ELEMENTS--GENERAL INFORMATION
fixed length control field 080816s2008 ai | |||||||||||||arm|d
020 ## - INTERNATIONAL STANDARD BOOK NUMBER
International Standard Book Number 9789939510293
040 ## - CATALOGING SOURCE
Original cataloging agency AM-YeHGA
041 0# - LANGUAGE CODE
Language code of text/sound track or separate title arm
-- eng
090 ## - LOCALLY ASSIGNED LC-TYPE CALL NUMBER (OCLC); LOCAL CALL NUMBER (RLIN)
-- 245220
245 00 - TITLE STATEMENT
Title Սարգիս Մուրադյան :
Remainder of title Ալբոմ /
Statement of responsibility, etc. Կազմ. և խմբ.՝ Գ. Մուրադյան, Զ. Մուրադյան.
260 ## - PUBLICATION, DISTRIBUTION, ETC.
Place of publication, distribution, etc. Երևան :
Name of publisher, distributor, etc. Անտարես,
Date of publication, distribution, etc. 2008.
300 ## - PHYSICAL DESCRIPTION
Extent 153 էջ :
Other physical details գուն. նկ. ;
Dimensions 30 սմ.
546 ## - LANGUAGE NOTE
Language note Բնագիրը զուգ. հայ. և անգլ.
600 14 - SUBJECT ADDED ENTRY--PERSONAL NAME
Personal name Մուրադյան, Սարգիս Մամբրեի,
Dates associated with a name 1927-2007
9 (RLIN) 2730
650 14 - SUBJECT ADDED ENTRY--TOPICAL TERM
Topical term or geographic name entry element Գեղանկարիչ
700 1# - ADDED ENTRY--PERSONAL NAME
Personal name Մուրադյան, Գոհար
Relator term կազմ., խմբ.
Relationship com
-- edt
9 (RLIN) 8743
700 1# - ADDED ENTRY--PERSONAL NAME
Personal name Մուրադյան, Զարուհի
Relator term կազմ., խմբ.
Relationship com
-- edt
Holdings
Withdrawn status Lost status Damaged status Not for loan Collection Home library Current library Date acquired Cost, normal purchase price Total checkouts Full call number Barcode Date last seen Price effective from Koha item type Public note
        General Fundamental Scientific Library Fundamental Scientific Library 28/12/2016 1500.00   AIII/7729 FL0074035 28/12/2016 28/12/2016 Գրքեր / Books 30 Days Loan


ՀՀ ԳԱԱ հիմնարար գիտական գրադարան
ՀՀ,Երևան 0019
Մարշալ Բաղրամյան 24/6
հեռախոս:(374-10) 52-47-50
Հետադարձ կապ

All site content, except where otherwise noted, is licensed under a
Creative Commons License